Przetłumacz z polskiego na niemiecki sezon 4 część 2 - klikanie - Statystyki

Ogólne statystyki
  • Ten quiz został rozwiązany 7 razy
  • Średni wynik to 24 z 30
Statystyki odpowiedzi
Hint Odpowiedź % Poprawnych
Arogancki arrogant
100%
Autorytarny autoritär
100%
Chaotyczny chaotisch
100%
Znać dobrze gut kennen
100%
Rozumieć dobrze gut verstehen
100%
W rodzinie In der Familie
100%
Dziecinny kindisch
100%
Mieć konflikty Konflikte haben
100%
Kreatywny kreativ
100%
Krytyczny kritisch
100%
Słodki süß
100%
Tolerancyjny tolerant
100%
Denerwować się mocno total nerven
100%
Organizować wiele viel unternehmen
100%
Jaki jest twój brat Wie ist dein Bruder
100%
Spędzać czas Zeit verbringen
100%
Pomocny hilfsbereit
83%
Nerwowy nervös
83%
Otwarty offen
83%
Niesprawiedliwy ungerecht
83%
Głupi doof
67%
Kochany lieb
67%
Trzymać się razem zusammenhalten
67%
Sprawiedliwy gerecht
50%
Mądry klug
50%
Kłócić się Krach
50%
Humorzasty launisch
50%
Leniwy faul
33%
Iść dobrze gut laufen
33%
Odważny mutig
33%
Nie znaleziono quizów pasujących do podanych kryteriów
Rozkład punktacji
Procent ludzi z każdym wynikiem
Percentyl według liczby udzielonych odpowiedzi
Twoja historia wyników
Nie rozwiązałeś tego quizu